[Event "Clark Harmon Memorial 2018"]
[Site "?"]
[Date "2018.04.28"]
[Round "1"]
[White "Perez, Ignacio"]
[Black "ADVAITH, VIJAYAKUMAR."]
[Result "1-0"]
[WhiteElo "2244"]
[BlackElo "1822"]
[PlyCount "43"]

1. d4 Nf6 2. Nf3 g6 3. c4 Bg7 4. Nc3 O-O 5. Bg5 d6 6. Qd2 Nbd7 7. O-O-O c6 8.
h4 h5 9. e4 Qc7 10. g4 Re8 11. gxh5 Nxh5 12. Bh6 a6 13. Bxg7 Kxg7 14. Bh3 b5
15. Rdg1 Ndf6 16. e5 Nh7 17. e6 Bxe6 18. Bxe6 fxe6 19. Rxg6+ Kxg6 20. Rg1+ Kf5
21. Qd3+ Kf6 22. Qg6# 1-0

[Event "Clark Harmon Memorial 2018"]
[Site "?"]
[Date "2018.04.28"]
[Round "1"]
[White "Williason, Mobius"]
[Black "Xiao, Alison"]
[Result "0-1"]
[WhiteElo "922"]
[BlackElo "1486"]
[PlyCount "54"]

1. e4 e6 2. d4 d5 3. e5 c5 4. c3 Nc6 5. Nf3 cxd4 6. cxd4 f6 7. Bb5 Bb4+ 8. Bd2
Bxd2+ 9. Qxd2 Bd7 10. Nc3 fxe5 11. dxe5 Nge7 12. O-O O-O 13. Rfe1 Ng6 14. Bxc6
Bxc6 15. Nd4 Qe7 16. Nxc6 bxc6 17. Rac1 Qc7 18. Qd4 Rf4 19. Qe3 d4 20. Qh3 dxc3
21. Qxe6+ Kh8 22. Rxc3 Qb6 23. Rf1 Raf8 24. Rf3 Rxf3 25. gxf3 Qxb2 26. Rd1 Qe2
27. Qd6 Qxf3 0-1

[Event "Clark Harmon Memorial 2018"]
[Site "?"]
[Date "2018.04.29"]
[Round "3"]
[White "Perez, Ignacio"]
[Black "Beck, Alec"]
[Result "1-0"]
[WhiteElo "2244"]
[BlackElo "1825"]
[PlyCount "41"]

1. d4 Nf6 2. c4 g6 3. Nc3 Bg7 4. e4 d6 5. f3 O-O 6. Be3 Nc6 7. Qd2 e5 8. Nge2
b6 9. h4 h5 10. O-O-O Ba6 11. g4 Bxc4 12. d5 Ne7 13. Ng3 Bxf1 14. Rdxf1 hxg4
15. h5 gxf3 16. h6 Bh8 17. h7+ Nxh7 18. Qh2 Kg7 19. Qxh7+ Kf6 20. Bg5+ Kxg5 21.
Qh4# 1-0

[Event "Clark Harmon Memorial 2018"]
[Site "?"]
[Date "2018.04.29"]
[Round "4"]
[White "Brown, John"]
[Black "Li, Edward"]
[Result "1-0"]
[WhiteElo "1423"]
[BlackElo "983"]
[PlyCount "65"]

1. d4 d5 2. c4 e6 3. Nc3 Bb4 4. Qc2 Nc6 5. Nf3 dxc4 6. e3 Nf6 7. Bxc4 O-O 8.
O-O Re8 9. a3 Bd6 10. Rd1 Qe7 11. d5 Na5 12. Bd3 g6 13. b4 e5 14. e4 Bxb4 15.
axb4 Qxb4 16. Ba3 Qb3 17. Qxb3 Nxb3 18. Rab1 Nd4 19. Nb5 Nxb5 20. Bxb5 Bd7 21.
Bxd7 Nxd7 22. Rxb7 Rec8 23. Rc1 Nf6 24. Rbxc7 Rxc7 25. Rxc7 Nxe4 26. d6 Rd8 27.
d7 Kg7 28. Be7 a5 29. Bxd8 a4 30. Be7 a3 31. d8=Q Kh6 32. Bf8+ Kh5 33. Qh4# 1-0

[Event "Clark Harmon Memorial 2018"]
[Site "?"]
[Date "2018.04.29"]
[Round "3"]
[White "Abron, Michael"]
[Black "Barua, Aniruddha"]
[Result "0-1"]
[WhiteElo "1500"]
[BlackElo "1363"]
[PlyCount "74"]

1. d4 d5 2. Bg5 Nf6 3. Nf3 Nbd7 4. e3 e6 5. Bd3 Be7 6. Nbd2 h6 7. Bh4 c5 8. c3
Qb6 9. Qc2 c4 10. Be2 O-O 11. e4 Re8 12. e5 Nh7 13. h3 Bxh4 14. Nxh4 Qd8 15. g3
b5 16. O-O a5 17. f4 Ra7 18. f5 Ndf8 19. Bh5 Qg5 20. Bg4 h5 21. Ndf3 Qe3+ 22.
Rf2 hxg4 23. hxg4 exf5 24. Re1 Qh6 25. gxf5 Ng5 26. Rh2 Nxf3+ 27. Nxf3 Qb6 28.
Kg2 f6 29. e6 Bxe6 30. fxe6 Rxe6 31. Reh1 Rae7 32. Qf2 Re2 33. Rh8+ Kf7 34.
Ne5+ R7xe5 35. Qxe2 Rxe2+ 36. Kf3 Qe6 37. R1h4 Ng6 0-1

[Event "Clark Harmon Memorial 2018"]
[Site "?"]
[Date "2018.04.28"]
[Round "?"]
[White "Feldman"]
[Black "Sang, Tian"]
[Result "0-1"]
[WhiteElo "1800"]
[BlackElo "2394"]
[PlyCount "72"]

1. d4 Nf6 2. Nc3 d5 3. Bg5 e6 4. e4 Bb4 5. e5 h6 6. Bd2 Bxc3 7. Bxc3 Ne4 8. Bb4
c5 9. dxc5 Nc6 10. c3 Nxe5 11. Nf3 Nc6 12. Bb5 O-O 13. Bxc6 bxc6 14. O-O a5 15.
Ba3 Re8 16. Qa4 Qc7 17. Rfe1 e5 18. c4 Bg4 19. cxd5 cxd5 20. Rad1 Bxf3 21. gxf3
Ng5 22. Kg2 e4 23. fxe4 dxe4 24. h4 Nh7 25. Rxe4 Nf6 26. Red4 Re6 27. b4 Qb7+
28. Kg1 Nh5 29. Rd6 Nf4 30. c6 Qe7 31. Rxe6 Qxe6 32. c7 Qg4+ 33. Kf1 Qe2+ 34.
Kg1 Qf3 35. Rd8+ Kh7 36. Qc2+ g6 0-1

[Event "Clark Harmon Memorial 2018"]
[Site "?"]
[Date "2018.04.29"]
[Round "3"]
[White "Piper, August"]
[Black "Mathes, Brian"]
[Result "0-1"]
[WhiteElo "1500"]
[BlackElo "1467"]
[PlyCount "83"]

1. g3 Nf6 2. Nf3 g6 3. b3 Bg7 4. Bb2 O-O 5. Bg2 c5 6. d3 d5 7. Nbd2 Nc6 8. e4
Qa5 9. O-O Rd8 10. exd5 Nxd5 11. Nc4 Qc7 12. Bxg7 Kxg7 13. Qd2 b5 14. Ne3 Nf6
15. Qc3 Qd6 16. Ng5 Nd4 17. Rfe1 Rb8 18. Ne4 Qe5 19. f4 Nxe4 20. Qa5 Qd6 21.
dxe4 Nc6 22. Qc3+ Qd4 23. Qxd4+ Rxd4 24. e5 Bb7 25. Rad1 e6 26. Ng4 Rbd8 27.
Rxd4 Rxd4 28. Nf6 Nd8 29. Bf1 Bc6 30. Bd3 c4 31. Be4 Rd2 32. bxc4 bxc4 33. a3
Bxe4 34. Rxe4 c3 35. Ne8+ Kf8 36. Nd6 Rxc2 37. Nb5 Rc1+ 38. Kg2 c2 39. Rc4 Rb1
40. Rxc2 Rxb5 41. Rc8  Ke8 42. Ra8 Rb7 43. Rc8 Kd7 44. Rc3 Nc6 45.
Rd3+ Kc7 46. Kf3 Rb2 47. h4 h5 48. g4 Rb1 49. gxh5 gxh5 50. Rc3 Rh1
51. Kg3 Rg1+ 52. Kh3 Kb6 53. Rb3+ Kc7 54. Rc3 Rg4 55. Rf3 Nd4 56. Rc3+ Kb6 57.
Rc8 Nf5 58. Rh8 Rxh4+ 59. Kg2 Rg4+ 60. Kf3 Rg3+ 61. Kf2 h4 62. Rxh4 Nxh4 63.
Kxg3 Ng6 64. Kg4 Kc5 65. Kg5 Kd5 66. f5 Nxe5 67. f6 Nd7 68. a4 e5 69. Kf5 Kd4
70. Kg4 e4 71. Kg3 Kd3 72. Kf2 0-1

[Event "Clark Harmon Memorial 2018"]
[Site "?"]
[Date "2018.04.28"]
[Round "2"]
[White "Sang, Tian"]
[Black "Levine, Joseph"]
[Result "1-0"]
[WhiteElo "2394"]
[BlackElo "1978"]
[PlyCount "45"]

1. e4 e6 2. d4 d5 3. Nc3 Nf6 4. Bg5 Be7 5. e5 Nfd7 6. h4 Bxg5 7. hxg5 Qxg5 8.
Nh3 Qe7 9. Nf4 g6 10. Qd2 a6 11. O-O-O c5 12. Ncxd5 exd5 13. Nxd5 Qd8 14. dxc5
Nc6 15. Qe3 Qa5 16. a3 Rb8 17. Bc4 b5 18. Nf6+ Kd8 19. Bd5 Qc7 20. Bxc6 Qxc6
21. Rd6 Qxd6 22. exd6 Nxf6 23. Qe7# 1-0

[Event "Clark Harmon Memorial 2018"]
[Site "?"]
[Date "2018.05.02"]
[Round "2"]
[White "Foxley, Rowan"]
[Black "Gupta, Anand"]
[Result "0-1"]
[WhiteElo "1380"]
[BlackElo "1593"]
[PlyCount "48"]

1. c4 e5 2. g3 Nf6 3. Bg2 c6 4. d4 exd4 5. Qxd4 Be7 6. Nf3 O-O 7. Nc3 d6 8. O-O
Be6 9. Ng5 Nbd7 10. Nxe6 fxe6 11. Bg5 d5 12. e4 e5 13. Qd3 d4 14. Ne2 Nc5 15.
Qb1 Ne6 16. Bxf6 Rxf6 17. b4 Ng5 18. f4 d3 19. Rd1 Rd6 20. Nc1 d2 21. fxg5
dxc1=Q 22. Qxc1 Rxd1+ 23. Qxd1 Bxb4 24. Qb3 Qd4+ 0-1

[Event "Clark Harmon Memorial 2018"]
[Site "?"]
[Date "2018.04.28"]
[Round "2"]
[White "Anand, Vignesh"]
[Black "Elisara, Travis"]
[Result "1-0"]
[WhiteElo "1989"]
[BlackElo "1811"]
[PlyCount "7"]

1. d4 f5 2. Bf4 Nf6 3. e3 e6 4. c4 Be7 5. Bd3 O-O 6. h3 d6 7. Nf3 Nc6
8. a3 Qe8 9. Qc2 Qh5 10. Nc3 Kh8 11. O-O-O Rg8 12. g4 Qf7 13. Ng5 Qe8 14. Nb5
Bd8 15. Bxd6 h6 16. h4 Nxg4 17. Bxc7 Bxg5 18. hxg5 a6 19. Nc3 Qg6 20. Bf4 e5
21. dxe5 Ncxe5 22. f3 Nxf3 23. Be2 Nfe5 24. gxh6 gxh6 25. Bxg4 Nxg4 26. Rd6 Be6
27. Nd5 Rg7 28. Bxh6 Rh7 29. Nf4 Qf7 30. Rxe6 Rc8 31. Qc3+ Kg8 32. Rg6+ 1-0

[Event "Clark Harmon memorial 2018"]
[Site "?"]
[Date "2018.04.29"]
[Round "3"]
[White "Mahajan, Rshaan"]
[Black "Sang, Tian"]
[Result "1/2-1/2"]
[WhiteElo "2010"]
[BlackElo "2394"]
[PlyCount "67"]

1. d4 f5 2. Bf4 Nf6 3. e3 d6 4. Nc3 g6 5. Be2 Bg7 6. h4 h6 7. Nf3 c6 8. Bd3 Ng4
9. e4 O-O 10. e5 Na6 11. Qd2 Nc7 12. O-O-O b5 13. Bg3 Be6 14. exd6 exd6 15. Qf4
b4 16. Ne2 Nd5 17. Qxd6 Qxd6 18. Bxd6 Rfd8 19. Bg3 f4 20. Nxf4 Nxf4 21. Bxf4
Nxf2 22. Rhe1 Nxd1 23. Rxe6 Nf2 24. Bxg6 Bxd4 25. c3 bxc3 26. bxc3 Bg7 27. Kc2
Ng4 28. h5 c5 29. Be4 Rf8 30. Bxa8 Rxf4 31. Re4 Rxe4 32. Bxe4 Ne3+ 33. Kb3 Nxg2
34. Nd2 1/2-1/2

[Event "Clark Harmon Memorial 2018"]
[Site "?"]
[Date "2018.04.29"]
[Round "3"]
[White "Elisara, Travis"]
[Black "Valea, Anne-Marie"]
[Result "0-1"]
[WhiteElo "1811"]
[BlackElo "1935"]
[PlyCount "86"]

1. f4 c5 2. b3 d5 3. Bb2 Nf6 4. Nf3 Nc6 5. e3 e6 6. Be2 Bd6 7. O-O O-O 8. Qe1
Re8 9. Ne5 Nd7 10. Nxc6 bxc6 11. c4 e5 12. Qg3 f6 13. f5 Qe7 14. Na3 e4 15. Qh4
d4 16. Bh5 Rd8 17. exd4 cxd4 18. Nc2 c5 19. Rae1 Bb7 20. Bf3 Re8 21. d3 Ne5 22.
Bxe4 a5 23. Na3 Bxe4 24. Rxe4 Qd7 25. Qh3 Nf7 26. Nb5 Rxe4 27. dxe4 Re8 28. Re1
Qc6 29. Qh5 Ng5 30. Nxd6 Qxd6 31. Bc1 Nf7 32. Qg4 Qc6 33. Qg3 Kh8 34. Bd2 a4
35. bxa4 Qxa4 36. Qc7 Qxc4 37. a4 Ne5 38. a5 Qc2 39. Re2 Qd1+ 40. Kf2 Nd3+ 41.
Kg3 Qxe2 42. Qf7 Rg8 43. Bh6 gxh6+ 0-1

[Event "Clark Harmon Memorial 2018"]
[Site "?"]
[Date "2018.04.29"]
[Round "4"]
[White "Sang,  Tian"]
[Black "Lee, Addison"]
[Result "1-0"]
[WhiteElo "2394"]
[BlackElo "1990"]
[PlyCount "26"]

1. e4 c5 2. Nf3 e6 3. c3 Nf6 4. e5 Nd5 5. d4 cxd4 6. cxd4 d6 7. Nc3 Nxc3 8.
bxc3 Nc6 9. Bd3 dxe5 10. dxe5 Be7 11. O-O O-O 12. Qe2 Qc7 13. Re1 b6
14. Bg5 Bb7 15. Qe4 g6 16. Qh4 Rfd8 17. Be4 Rd7 18. Bxe7 Rxe7 19. Qh6 f5 20.
exf6 Rf7 21. Bxg6 Rxf6 22. Bxh7+ Qxh7 23. Qxf6 Rf8 24. Qg5+ Kh8 25. Rxe6 Rg8
26. Qf6+ 1-0

[Event "Clark Harmon Memorial 2018"]
[Site "?"]
[Date "2018.04.29"]
[Round "4"]
[White "Anand, Vignesh"]
[Black "Perez, Ignacio"]
[Result "0-1"]
[WhiteElo "1930"]
[BlackElo "2231"]
[PlyCount "104"]

1. d4 Nf6 2. c4 g6 3. Nc3 Bg7 4. Nf3 O-O 5. Bg5 c5 6. e4 cxd4 7. Qxd4 Nc6 8.
Qd2 d6 9. Be2 Bg4 10. O-O Rc8 11. b3 Bxf3 12. Bxf3 Nd7 13. Be3 f5 14. exf5 gxf5
15. Bd5+ Kh8 16. Bh6 f4 17. Bxg7+ Kxg7 18. Ne2 e5 19. Rad1 Rf6 20. Bxc6 bxc6
21. Nc3 Rg6 22. f3 Qb6+ 23. Qf2 Nc5 24. Ne4 Nxe4 25. Qxb6 axb6 26. fxe4 Kf7 27.
Rf3 Rcg8 28. g3 Ke7 29. Kf2 Rg4 30. Rfd3 R8g6 31. Rg1 h5 32. Rdd1 Rf6 33. h3
fxg3+ 34. Ke3 Rgg6 35. b4 g2 36. Rd2 Rg3+ 37. Ke2 Rf4 38. Rd3 Rxe4+ 39. Kd2 Rd4
40. Rxd4 exd4 41. a4 Ra3 42. a5 bxa5 43. bxa5 Rxa5 44. Kd3 Rg5 45. Kxd4 Rg3 46.
c5 h4 47. cxd6+ Kxd6 48. Kc4 c5 49. Rd1+ Kc6 50. Rg1 Kd6 51. Rd1+ Ke5 52. Rg1
Ke4 0-1

[Event "Clark Harmon memorial 2018"]
[Site "?"]
[Date "2018.04.28"]
[Round "2"]
[White "Piper, August"]
[Black "Barua, Aniruddha"]
[Result "1/2-1/2"]
[WhiteElo "1500"]
[BlackElo "1363"]
[PlyCount "40"]

1. g3 d5 2. Nf3 Nf6 3. d4 e6 4. Bg2 Be7 5. c4 c6 6. b3 Nbd7 7. Bb2 Qb6 8. O-O
dxc4 9. Nbd2 cxb3 10. axb3 O-O 11. e4 Qd8 12. Qc2 Re8 13. Ra2 Nf8 14. Rfa1 a6
15. Bc3 Ng6 16. Ba5 Qd7 17. Nc4 Bd8 18. Bb6 Rb8 19. Ba7 Ra8 20. Bb6
Rb8 21. Ba7 Ra8 22. Bb6 Rb8 1/2-1/2

[Event "Clark Harmon memorial 2018"]
[Site "?"]
[Date "2018.04.28"]
[Round "2"]
[White "Xiao, Alison"]
[Black "Levy, Avi"]
[Result "0-1"]
[WhiteElo "1495"]
[BlackElo "1711"]
[PlyCount "19"]

1. e4 c5 2. Nf3 d6 3. d4 cxd4 4. Nxd4 Nf6 5. Nc3 a6 6. f3 e5 7. Nb3 Be6 8. Be3
Nbd7 9. Be2 Nb6 10. Nd2 d5 11. exd5 Nbxd5 12. Nxd5 Nxd5 13. Bf2 Qa5 14.
c3 Rd8 15. Qc2 Be7 16. g3 O-O 17. Nc4 Qc7 18. O-O b5 19. Ne3 Rc8 20. a3 Kh8 21.
Rad1 Nb6 22. Ng2 Na4 23. f4 e4 24. Bd4 f5 25. Kh1 Bf6 26. Ne3 Qb7 27. Qc1 Nc5
28. Bxf6 Rxf6 29. Nc2 Nd3 30. Bxd3 exd3+ 0-1

[Event "Clark Harmon Memorial 2018"]
[Site "?"]
[Date "2018.04.29"]
[Round "3"]
[White "Lawler, Aiden"]
[Black "Brown, John"]
[Result "1-0"]
[WhiteElo "1443"]
[BlackElo "1423"]
[PlyCount "54"]

1. e4 c5 2. Nc3 Nc6 3. Bb5 a6 4. Bxc6 bxc6 5. f4 d5 6. d3 d4 7. Na4 e6 8. b3
Nf6 9. Qd2 Be7 10. Ba3 Nd7 11. Nf3 Qc7 12. O-O O-O 13. Nxd4 cxd4 14. Bxe7 Re8
15. Ba3 e5 16. fxe5 Rxe5 17. Qf2 Nf6 18. Qxd4 Rh5 19. Qd6 Qxd6 20. Bxd6 Bb7 21.
Rf2 Rd8 22. Be7 Re8 23. Bxf6 gxf6 24. Rxf6 Re6 25. Raf1 Rxf6 26. Rxf6 Kg7 27.
Rd6 Re5 1-0

[Event "Clark Harmon Memorial 2018"]
[Site "?"]
[Date "2018.04.29"]
[Round "3"]
[White "Levy, Avi"]
[Black "Abron, Michael"]
[Result "1-0"]
[WhiteElo "1711"]
[BlackElo "1500"]
[PlyCount "35"]

1. d4 Nf6 2. c4 e6 3. Nc3 Bb4 4. Qc2 d5 5. cxd5 exd5 6. Bg5 Qd6 7. e3 Ne4 8.
Bf4 Qe7 9. Bd3 f5 10. Nge2 O-O 11. a3 Bxc3+ 12. Nxc3 c6 13. O-O-O b5 14. f3
Nxc3 15. Qxc3 Bd7 16. Kd2 a5 17. Ra1 Rc8 18. Bxb8 Rcxb8 19. b4 Ra7
20. Qc5 Qxc5 21. bxc5 b4 22. Rhb1 b3 23. a4 Rb4 24. Kc3 Rab7 25. Rb2 Be6 26. f4
h6 27. Ra3 g6 28. Rbxb3 Kg7 29. Bc2 Kf6 30. Kd2 g5 31. Ke2 gxf4 32. exf4 Bf7
33. Rxb4 Rxb4 34. Kd3 Be6 35. Ra1 Bc8 36. Rb1 Ba6+ 37. Ke3 Bc4 38. Rxb4 axb4
39. a5 b3 40. Bxb3 Bxb3 41. a6 Bc4 42. a7 Bf1 43. g3 Kg6 44. a8=Q Kh5 45. Kf3 1-0

[Event "Clark Harmon Memorial 2018"]
[Site "?"]
[Date "2018.04.28"]
[Round "2"]
[White "ZHANG, ZACHARY T "]
[Black "TRUELSON, JOSEPH."]
[Result "0-1"]
[WhiteElo "1862"]
[BlackElo "2053"]
[PlyCount "65"]

1. d4 g6 2. Nf3 Bg7 3. Bg5 c5 4. c3 cxd4 5. cxd4 Nc6 6. e3 Qb6 7. Qd2 d6 8. Nc3
h6 9. Bh4 Bf5 10. Nd5 Qd8 11. Bb5 a6 12. Ba4 b5 13. Rc1 Rc8 14. Bb3 g5 15. Bg3
Nf6 16. Nxf6+ Bxf6 17. O-O O-O 18. Bd5 Qd7 19. Rfe1 e6 20. Bxc6 Rxc6 21. Rxc6
Qxc6 22. Rc1 Qd5 23. Qa5 e5 24. dxe5 Bxe5 25. Bxe5 dxe5 26. Qd2 Qxd2 27. Nxd2
Rd8 28. Nb3 Be6 29. Nc5 Rd2 30. Nxe6 fxe6 31. Rb1 b4 32. a3 b3 33. Kf1
a5 34. Ke1 Rc2 35. h3 a4 36. Kf1 Kf7 37. Ke1 Kf6 38. Kf1 Kf5 39. Ke1 Ke4 40.
Kf1 Kd3 41. Rd1+ Rd2 42. Ke1 Rxd1+ 43. Kxd1 h5 44. e4 Kxe4 45. Ke2 Kf4 46. Kd3
g4 47. hxg4 hxg4 48. Ke2 g3 49. f3 e4 50. fxe4 Kxe4 51. Kd2 Kd4 52. Ke2 e5 53.
Kd2 e4 54. Ke2 e3 55. Ke1 Kd3 56. Kd1 e2+ 57. Ke1 Kc2 0-1

[Event "Clark Harmon Memorial 2018"]
[Site "?"]
[Date "2018.04.28"]
[Round "2"]
[White "Deshp, Aaryan"]
[Black "Perez, Ignacio"]
[Result "1/2-1/2"]
[WhiteElo "1953"]
[BlackElo "2231"]
[PlyCount "68"]

1. d4 Nf6 2. Bf4 g6 3. e3 Bg7 4. c4 c5 5. Nc3 O-O 6. d5 b5 7. cxb5 a6 8. bxa6
Nh5 9. Bg3 Qa5 10. Qd2 Nxa6 11. Be2 Nxg3 12. hxg3 Rb8 13. Rc1 e6 14. d6 Nb4 15.
Bc4 Ba6 16. b3 Bxc4 17. bxc4 Qa3 18. Nge2 Nxa2 19. Nxa2 Rb2 20. Rc2 Qxa2 21.
Rxb2 Bxb2 22. O-O Rb8 23. Qc2 Rb4 24. Rb1 Qa3 25. Kh2 Be5 26. Qe4 Bxd6 27. Rd1
Rb6 28. Qh4 Qa8 29. Nc3 Qf8 30. Ne4 Be7 31. Nf6+ Kg7 32. Nxd7 Bxh4 33. Nxf8
Kxf8 34. gxh4 Rb2 1/2-1/2

[Event "Clark Harmon Memorial 2018"]
[Site "?"]
[Date "2018.04.29"]
[Round "4"]
[White "Lopez, Francisco"]
[Black "Mathes, Brian"]
[Result "1-0"]
[WhiteElo "1709"]
[BlackElo "1488"]
[PlyCount "64"]

1. d4 Nf6 2. Bf4 e6 3. Nf3 c5 4. e3 Qb6 5. Nc3 d5 6. Na4 Qa5+ 7. c3 Bd7 8. Nxc5
Bxc5 9. dxc5 Qxc5 10. Bd3 Nh5 11. Bg3 Nxg3 12. hxg3 h6 13. g4 Nc6 14. Qc2 e5
15. Bf5 e4 16. Bxd7+ Kxd7 17. Nd4 Rac8 18. Nxc6 Rxc6 19. O-O-O Rhc8 20. Qxe4
Rd6 21. Qd4 Qa5 22. Kb1 Rcc6 23. Qxg7 Rf6 24. f3 Ra6 25. a3 Rab6 26. Rh5 Qxc3
27. Rhxd5+ Ke6 28. Rd6+ Rxd6 29. Rxd6+ Kxd6 30. bxc3 Ke6 31. Qf8 Kd7 32. Kc2
Kc7 1-0

[Event "Clark Harmon Memorial 2018"]
[Site "?"]
[Date "2018.04.29"]
[Round "4"]
[White "VEMPARALA, NIKASH."]
[Black "Chen, Aiden"]
[Result "0-1"]
[WhiteElo "1246"]
[BlackElo "983"]
[PlyCount "120"]

1. e4 c6 2. d4 d5 3. Nc3 dxe4 4. Nxe4 Bf5 5. Nc3 Nf6 6. Nf3 e6 7. Bf4 Bb4 8.
Bd2 O-O 9. Bc4 Nbd7 10. O-O Nb6 11. Bb3 Bg4 12. h3 Bxf3 13. Qxf3 Qxd4 14. Rad1
Qd8 15. Bg5 Qe7 16. Ne4 Nbd7 17. Rxd7 Qxd7 18. Nxf6+ gxf6 19. Qxf6 Rfd8 20. Bh6
Bf8 21. Bf4 Bg7 22. Qg5 Qd4 23. c3 Qf6 24. Qg3 Qg6 25. Qh4 Bf6 26. Qg3 Qxg3 27.
Bxg3 Rd2 28. Rb1 Rad8 29. Bf4 R2d7 30. Be3 b6 31. Kf1 Kg7 32. Ke2 h6 33. g4 c5
34. a4 e5 35. f3 Bg5 36. Bf2 Rd2+ 37. Ke1 Kg6 38. h4 Bf4 39. h5+ Kg7 40. c4
R8d3 41. Bd1 f5 42. Bg1 Bg3+ 43. Kf1 Rxd1+ 44. Rxd1 Rxd1+ 45. Kg2 Rxg1+ 46.
Kxg1 fxg4 47. fxg4 Kf6 48. Kg2 Bf4 49. Kf3 Kg5 50. b3 a5 51. Ke4 Kxg4 52. Kd5
Kf5 53. Kc6 e4 54. Kxb6 Bd2 55. Kxc5 e3 56. Kb6 e2 57. c5 e1=Q 58. c6 Bf4 59.
c7 Bxc7+ 60. Kxc7 Qb4 0-1

[Event "Clark Harmon Memorial 2018"]
[Site "?"]
[Date "2018.04.29"]
[Round "5"]
[White "LOPEZ, FRANCISCO JAVIER."]
[Black "Levy, Avi"]
[Result "0-1"]
[WhiteElo "1709"]
[BlackElo "1711"]
[PlyCount "14"]

1. d4 Nf6 2. Bf4 d5 3. Nf3 Bf5 4. e3 e6 5. Bd3 Bxd3 6. Qxd3 a6 7. Nbd2
Bd6 8. Bg3 Nbd7 9. Ne5 Qe7 10. f4 Nh5 11. Bf2 g6 12. O-O-O f5 13. Kb1 O-O-O 14.
c4 c6 15. Ndf3 Kb8 16. Bh4 Ndf6 17. c5 Bc7 18. Rc1 Qe8 19. Rc3 Rc8 20. Ra3 Ne4
21. Rc1 Rg8 22. Qe2 h6 23. Be1 g5 24. g3 Nhf6 25. Ba5 Bxa5 26. Rxa5 Kc7 27. Nd3
Ra8 28. Nfe5 Qh5 29. Qxh5 Nxh5 30. Nf7 Raf8 31. Nd6 Nhf6 32. Kc2 g4 33. Ra3 h5
34. Rg1 Rg7 35. Kd1 Rh8 36. Ne1 h4 37. gxh4 Rxh4 38. Nf3 Rh3 0-1

[Event "Clark Harmon Memorial 2018"]
[Site "?"]
[Date "2018.04.29"]
[Round "4"]
[White "Levy, Avi"]
[Black "RYAN, HARRISON TOPPEN."]
[Result "1-0"]
[WhiteElo "1711"]
[BlackElo "1502"]
[PlyCount "77"]

1. d4 Nf6 2. c4 g6 3. Nc3 Bg7 4. e4 d6 5. Nf3 O-O 6. Be2 e5 7. dxe5 dxe5 8.
Qxd8 Rxd8 9. Nd5 Nxd5 10. cxd5 h6 11. Bc4 Nd7 12. Nd2 Nb6 13. Bb3 Bd7 14. Nc4
Bb5 15. Nxb6 axb6 16. a3 Kh8 17. Be3 f5 18. f3 fxe4 19. fxe4 Bd3 20. Rc1 Bxe4
21. Rxc7 Bxd5 22. Bxd5 Rxd5 23. Rxb7 b5 24. Rf1 Kh7 25. Rff7 Rg8 26. b4 g5 27.
Ke2 Kg6 28. g4 Bf6 29. Bc5 Rgd8 30. Rxf6+ Kxf6 31. Be7+ Kg6 32. Rb6+ Kg7 33.
Bxd8 Rxd8 34. Rxb5 Rd4 35. h3 e4 36. a4 Rd3 37. a5 Rxh3 38. a6 Ra3 39. Ra5 1-0

[Event "Clark Harmon Memorial 2018"]
[Site "?"]
[Date "2018.04.29"]
[Round "5"]
[White "Chen, Aiden"]
[Black "Abron, Michael"]
[Result "1-0"]
[WhiteElo "983"]
[BlackElo "1683"]
[PlyCount "15"]

1. d4 Nf6 2. Bf4 d5 3. e3 Bf5 4. Bd3 Qd7 5. Nf3 Nc6 (5... c6 6. Ne5 Qe6 7. Nd2
Nbd7 8. Ndf3 Ne4 9. Bxe4 Bxe4 10. Ng5 Qf6 11. Nxe4 dxe4 12. c3 Nb6 13. Qc2 g5
14. Bg3 h5 15. h3 h4 16. Bh2 Qf5 17. f3 f6 18. Ng4 Qh7 19. Qxe4 f5 20. Nf6+ Kf7
21. Nxh7 fxe4 22. Nxg5+ Kg6 23. Nxe4 Nc4 24. Ke2 Bh6 25. Bf4 Bg7 26. Rab1 b5
27. Ng5 e5 28. dxe5 Nxe5 29. Bxe5 Bxe5 30. Ne4 Bc7 31. Nf2 Rhe8 32. Ng4 Rad8
33. Rhd1) 6. Ne5 Qe6 7. Nd2 Nd7 8. Ndf3 1-0

[Event "Clark Harmon Memorial 2018"]
[Site "?"]
[Date "2018.04.29"]
[Round "5"]
[White "Piper, August"]
[Black "Brown, John"]
[Result "0-1"]
[WhiteElo "1500"]
[BlackElo "1420"]
[PlyCount "37"]

1. Nf3 Nf6 2. b3 d5 3. Bb2 Nbd7 4. d4 e6 5. Nbd2 c5 6. e3 Be7 7. Bd3 O-O 8. h3
Re8 9. g4 Nf8 10. g5 N6d7 11. h4 cxd4 12. Bxd4 Nc5 13. Be2 Bd6 14. Ne5
Qc7 15. f4 Nfd7 16. Ndf3 Ne4 17. Rg1 Bb4+ 18. Kf1 Bc3 19. Bxc3 Qxc3 20. Qc1
Nxe5 21. fxe5 Bd7 22. Kg2 Rac8 23. Bd3 Red8 24. a4 Bc6 25. Nd4 Be8 26. Qe1 Qc7
27. Ra2 Qxe5 28. Kh3 Rc3 29. Ne2 Rc7 30. Rg4 f5 31. gxf6 Nxf6 32. Qg3 Nxg4 33.
Qxg4 Qxe3+ 34. Kh2 Rf7 35. Ra1 Rf2+ 36. Kh1 Bh5 37. Bxh7+ Kh8 38. Qxh5 Qh3+ 39.
Kg1 Qg2# 0-1

[Event "Clark Harmon Memorial 2018"]
[Site "?"]
[Date "2018.04.28"]
[Round "2"]
[White "Brown, John"]
[Black "Li, Emma"]
[Result "1-0"]
[WhiteElo "1420"]
[BlackElo "577"]
[PlyCount "72"]

1. d4 d5 2. c4 c6 3. Nc3 Nf6 4. Nf3 Bg4 5. e3 e6 6. Be2 Bxf3 7. Bxf3 Bb4 8. Qc2
O-O 9. O-O Nbd7 10. a3 Ba5 11. b4 Bc7 12. cxd5 cxd5 13. e4 Rc8 14. e5 Nxe5 15.
dxe5 Bxe5 16. Bb2 Qc7 17. Qd3 Bxh2+ 18. Kh1 Be5 19. Nb5 Qb8 20. Nxa7 Bxb2 21.
Nxc8 Bxa1 22. Ne7+ Kh8 23. Rxa1 Qe5 24. Rc1 h5 25. Rc8 Rxc8 26. Nxc8 Qc7 27.
Na7 g5 28. Nb5 Qe5 29. Qc3 Qf4 30. g3 Qf5 31. Nd6 Qh3+ 32. Kg1 Kg7 33. Ne8+ Kf8
34. Nxf6 Qf5 35. Qc8+ Kg7 36. Nxh5+ Kg6 37. Qg8+ Kh6 38. Qg7# 1-0